Juvenile delinquency
Enregistré dans:
| Auteur principal: | |
|---|---|
| Autres auteurs: | |
| Format: | Livre |
| Langue: | anglais |
| Publié: |
St. Paul
West Publishing Company
1988
|
| Édition: | 3. ed. |
| Sujets: | |
| Tags: |
Pas de tags, Soyez le premier à ajouter un tag!
|
MARC
| LEADER | 00000nam a2200000 4500 | ||
|---|---|---|---|
| 001 | c124635 | ||
| 005 | 20221123135428.0 | ||
| 020 | |a 0-314-63180-1 | ||
| 041 | 0 | |a eng | |
| 044 | |a US | ||
| 245 | 1 | 0 | |a Juvenile delinquency |c Larry J. Siegel, Joseph J. Senna |
| 250 | |a 3. ed. | ||
| 264 | 1 | |a St. Paul |b West Publishing Company |c 1988 | |
| 300 | |a 616 s. | ||
| 610 | 2 | 0 | |a právo |
| 610 | 2 | 0 | |a právo občianske |
| 610 | 2 | 0 | |a mladiství |
| 610 | 2 | 0 | |a kriminalita |
| 610 | 2 | 0 | |a právo trestné |
| 100 | 1 | |a Siegel, Larry J. | |
| 700 | 1 | |a Senna, Joseph J. | |